| 000 | 00790nam a2200229Ii 4500 | ||
|---|---|---|---|
| 003 | JO-AjNU | ||
| 008 | 230605s9999||||xx |||||||||||||| ||und|| | ||
| 017 | _a2016/5/2147 | ||
| 020 | _a978-9957-98-189-1 | ||
| 040 |
_aJO-AjNU _bara _erda _cJO-AjNU |
||
| 041 | _aara | ||
| 050 | 1 | 4 | _aDS35.62.M8749 2019 |
| 100 | 3 |
_aمصطفى، فوزي عثمان, _eauthor _960790 |
|
| 245 | 0 | 0 | _aالحضارة العربية الاسلامية (آثار وفنون) |
| 250 | _aط1 | ||
| 264 | 3 | 1 | _aعمان: دار الاعصار العلمي للنشر والتوزيع، 2019 |
| 300 | _a389ص | ||
| 336 |
_atext _btxt _2rdacontent |
||
| 337 |
_aunmediated _bn _2rdamedia |
||
| 338 |
_avolume _bnc _2rdacarrier |
||
| 650 | 4 |
_aالعمارة-الاسلام-الحضارة الاسلامية _960791 |
|
| 999 |
_aA27435 _c31003 _d31003 |
||